🏙️Pays à partir de 5 villes (sans la capitale) #4 - Statistiques

Statistiques générales
  • Ce quiz a été pris 125 fois
  • Le résultat moyen est 11 sur 16
Statistiques - réponses
Villes Pays % Correct
MilanNaples Turin Palerme Gênes Italie
100%
MelbourneSydney
Brisbane Perth Adélaïde
Australie
97%
Birmingham Glasgow Manchester Édimbourg Liverpool Royaume-Uni
97%
Barcelone Valence Séville Bilbao Malaga Espagne
96%
GrazLinz Salzbourg Innsbruck Klagenfurt Autriche
87%
Kharkiv Odessa Dnipro Donetsk Zaporijia Ukraine
87%
Tel Aviv-JaffaHaïfa Rishon LeZion Petah Tikva Ashdod Israël
86%
AbidjanBouaké Korhogo Daloa San-Pédro Cote d'ivoire
83%
Bassorah Mossoul Arbil Souleimaniye Kirkuk Irak
67%
BrnoOstrava Pilsen Liberec Olomouc République Tchèque
64%
Sfax Sousse Kairouan Bizerte Gabès Tunisie
57%
EspooTampere Vantaa Oulu Turku Finlande
50%
HératKandahâr Mazar-e-Charif Jalalabad Kondôz Afghanistan
40%
Sihanoukville Battambang Siem Reap Sisophon Kratie Cambodge
38%
Quezon CityDavao Caloocan Cebu Zamboanga Philippines
36%
Sikasso Mopti Koutiala Kayes Ségou Mali
25%
Aucun quiz correspondant
Distribution des résultats
% des personnes avec chaque résultat
Percentile par nombre de réponses
Votre historique - résultats
Vous n’avez pas pris ce quiz